<?xml version="1.0" encoding="UTF-8"?><?xml-stylesheet type="text/xsl" href="static/style.xsl"?><OAI-PMH xmlns="http://www.openarchives.org/OAI/2.0/" xmlns:xsi="http://www.w3.org/2001/XMLSchema-instance" xsi:schemaLocation="http://www.openarchives.org/OAI/2.0/ http://www.openarchives.org/OAI/2.0/OAI-PMH.xsd"><responseDate>2026-06-01T20:47:43Z</responseDate><request verb="GetRecord" identifier="oai:riuma.uma.es:10630/40960" metadataPrefix="marc">https://riuma.uma.es/rest/oai/request</request><GetRecord><record><header><identifier>oai:riuma.uma.es:10630/40960</identifier><datestamp>2026-02-03T12:38:56Z</datestamp><setSpec>com_10630_2254</setSpec><setSpec>col_10630_37957</setSpec></header><metadata><record xmlns="http://www.loc.gov/MARC21/slim" xmlns:dcterms="http://purl.org/dc/terms/" xmlns:doc="http://www.lyncode.com/xoai" xmlns:xsi="http://www.w3.org/2001/XMLSchema-instance" xsi:schemaLocation="http://www.loc.gov/MARC21/slim http://www.loc.gov/standards/marcxml/schema/MARC21slim.xsd">
   <leader>00925njm 22002777a 4500</leader>
   <datafield ind2=" " ind1=" " tag="042">
      <subfield code="a">dc</subfield>
   </datafield>
   <datafield ind2=" " ind1=" " tag="720">
      <subfield code="a">Ruiz Campos, Iván Alejandro</subfield>
      <subfield code="e">author</subfield>
   </datafield>
   <datafield ind2=" " ind1=" " tag="260">
      <subfield code="c">2025</subfield>
   </datafield>
   <datafield ind2=" " ind1=" " tag="520">
      <subfield code="a">Algebras related to graphs such as path, Leavitt path and Steinberg algebras arise from different contexts yet remain closely connected. All three are constructed from directed graphs, where algebraic and geometric properties are deeply intertwined. Path algebras naturally embed into Leavitt path algebras, which can also be realized as quotients of the former, while Steinberg algebras provide a broader framework that extends Leavitt path algebras.&#xd;
&#xd;
Although Leavitt and Steinberg algebras are mentioned, this work focuses primarily on path algebras. Within this framework, we examine several of their structural and algebraic properties, including Noetherianity, Artinianity, the Jacobson radical, the socle chain, among others. We also introduce a new measure for filtered algebras: algebraic entropy. Originally developed in physics and later adapted to areas such as information theory, dynamical systems and group theory. Entropy was more recently extended to graded algebras, which motivates the development of a new version suitable for filtered algebras. We then study the behavior of this new notion of entropy under various transformations, such as direct sums, monomorphism and epimorphisms, In the context of path and Leavitt path algebras, we prove that the entropy of the path algebra with the standard filtration of a finite graph fall within on of the cases of the trichotomy theorem, and furthermore, we show that the entropy of path and Leavitt path algebras coincide. Finally, in the last past of the manuscript, we explore field-independence phenomena, making use of category theory and extensions of the Hilbert's Nullstellensatz.</subfield>
   </datafield>
   <datafield ind1="8" ind2=" " tag="024">
      <subfield code="a">https://hdl.handle.net/10630/40960</subfield>
   </datafield>
   <datafield tag="653" ind2=" " ind1=" ">
      <subfield code="a">Álgebra - Tesis doctorales</subfield>
   </datafield>
   <datafield tag="653" ind2=" " ind1=" ">
      <subfield code="a">Grafos, Teoría de</subfield>
   </datafield>
   <datafield tag="653" ind2=" " ind1=" ">
      <subfield code="a">Anillos (Álgebra)</subfield>
   </datafield>
   <datafield ind2="0" ind1="0" tag="245">
      <subfield code="a">Structure and characterizations of algebras associated with graphs.</subfield>
   </datafield>
</record>
</metadata></record></GetRecord></OAI-PMH>